Rating in Malaysia (Peninsular Malaysia) : a review

Bibliographic Details
Main Author: Lim Kim Hoe
Format: Book
Published: Reading : University of Reading , 1992
Subjects:
Online Access:http://app.inspen.gov.my:7779/pls/portal/docs/PAGE/CORPORATEPAGES/PORTAL_INSPEN/THESIS_INSPEN/H.PDF

MARC

LEADER 00000cam a2200000 7i4500
001 0000007311
005 20071112.0
040 |a INS 
090 0 0 |a THESIS 4 
100 0 |a Lim Kim Hoe 
245 1 0 |a Rating in Malaysia (Peninsular Malaysia) :   |b a review   |c by Lim Kim Hoe 
260 |a Reading :   |b University of Reading ,   |c 1992 
300 |a 122p. ;   |c 30cm. 
500 |a Digital document is available on-line; Please click the URL below 
500 |a Dissertation (M. Sc. in Urban Land Appraisal) - University of Reading, Faculty of Urban and Regional Studies, Department of Land Management and Development 
650 0 0 |a Rating 
650 0 0 |a Rating   |z Malaysia 
856 |u http://app.inspen.gov.my:7779/pls/portal/docs/PAGE/CORPORATEPAGES/PORTAL_INSPEN/THESIS_INSPEN/H.PDF 
999 |a THE0000006   |b BOOK   |c Thesis   |e Default branch